Η εικόνα ενός τουριστικού προορισμού - παρουσίαση της εικόνας της Ζακύνθου : διπλωματική εργασία
Αποθηκεύτηκε σε:
| Κύριος συγγραφέας: | |
|---|---|
| Συγγραφή απο Οργανισμό/Αρχή: | |
| Άλλοι συγγραφείς: | |
| Μορφή: | Thesis Βιβλίο |
| Γλώσσα: | Greek |
| Δημοσίευση: |
2005
|
| Θέματα: | |
| Διαθέσιμο Online: | http://hdl.handle.net/11610/11411 |
| Ετικέτες: |
Προσθήκη ετικέτας
Δεν υπάρχουν, Καταχωρήστε ετικέτα πρώτοι!
|
MARC
| LEADER | 00000cam a2200000 i 4500 | ||
|---|---|---|---|
| 001 | 1/22275 | ||
| 008 | 060119s2005 gre d | ||
| 035 | |l 10082095 | ||
| 040 | |a GR-MY-UA |b gre |e aacr | ||
| 041 | 0 | |a gre | |
| 082 | 0 | |a 338.4791094955 |2 (22) | |
| 100 | 1 | |a Καπνουτζή, Σύλβια. | |
| 245 | 1 | 2 | |a Η εικόνα ενός τουριστικού προορισμού - παρουσίαση της εικόνας της Ζακύνθου : |b διπλωματική εργασία / |c Καπνουτζή Σύλβια ; επιβλέπων Δημήτρης Λαγός |
| 260 | |c 2005 | ||
| 300 | |a 111 σ.; |b εικ., πίν.; |c 30 εκ. | ||
| 502 | |a Διατριβή (μεταπτυχιακή) – Πανεπιστήμιο Αιγαίου, Χίος, 2005. | ||
| 504 | |a Περιλαμβάνει βιβλιογραφία | ||
| 610 | 2 | 0 | |a Πανεπιστήμιο Αιγαίου. |
| 650 | 0 | 0 | |a Tourism |z Greece |z Zakynthos (Municipality) |
| 650 | 0 | 0 | |a Dissertations, Academic |z Greece. |
| 700 | 1 | |4 ths |a Λαγός, Δημήτρης Γ. | |
| 710 | 2 | |a Πανεπιστήμιο Αιγαίου |b Σχολή Επιστημών της Διοίκησης |b Τμήμα Διοίκησης Επιχειρήσεων |b Πρόγραμμα Μεταπτυχιακών Σπουδών "Σχεδιασμός, Διοίκηση και Πολιτική του Τουρισμού". | |
| 852 | |a INST |b CHIOS |c DIATR |e 20060119 |h 338.4791094955 ΚΑΠ |p 005200024199 |q 005200024199 |t MTXE |y 23 | ||
| 852 | |a INST |b CHIOS |c DIATR |e 20060119 |h 338.4791094955 ΚΑΠ |p 005200024200 |q 005200024200 |t MTXE |y 23 | ||
| 856 | |u http://hdl.handle.net/11610/11411 | ||
| 901 | |a BIBL2-2006-1 | ||
| 909 | |a Χ |b 119950 | ||
| 909 | |a Χ |b 119951 | ||
| 924 | |a ΚΑΜΠΝΟΥΤΖΗ |b ΣΥΛΒΙΑ |y ΧΙΟΣ |z 2005-11 | ||
| 970 | |a ΒΑΣΙΛΑΚΗ |b ΝΙΚΗ |z 2006/01/19 | ||